000 00449nam a2200169Ia 4500
008 131103s9999 xx 000 0 und d
040 _aLoreto College
041 _aEnglish
082 _a891.433/PRA
_bLCBED/727
100 _aPrasad, Hansla
245 _aDinu Dakiya
_cHansla Prasad
260 _aNew Delhi
_bSamajik bigyan aur manyabiki bibhag
_c1675
300 _a67p
_c 19cm.
650 _aHindi
850 _aLCBED/891.443/PRA
942 _cBK
999 _c35265
_d85744